|
|
|
|
| LEADER |
00000nam0a2200000 4500 |
| 001 |
338507 |
| 005 |
20231102005044.0 |
| 035 |
|
|
|a (RuTPU)RU\TPU\book\365008
|
| 090 |
|
|
|a 338507
|
| 100 |
|
|
|a 20171127d1963 km y0rusy50 ca
|
| 101 |
1 |
|
|a rus
|c eng
|
| 102 |
|
|
|a RU
|
| 105 |
|
|
|a a z 001zy
|
| 200 |
1 |
|
|a Приспосабливающиеся автоматические системы
|e пер. с англ.
|f под ред. Я. З. Цыпкина
|
| 210 |
|
|
|a Москва
|c Изд-во иностранной литературы
|d 1963
|
| 215 |
|
|
|a 670 с.
|c ил.
|
| 320 |
|
|
|a Библиография в конце глав
|
| 320 |
|
|
|a Предметный указатель: с.665-668
|
| 606 |
1 |
|
|a Автоматические системы управления
|x Приспосабливающиеся
|2 stltpush
|3 (RuTPU)RU\TPU\subj\898
|9 29704
|
| 610 |
1 |
|
|a линейные системы
|
| 610 |
1 |
|
|a нелинейные системы
|
| 610 |
1 |
|
|a приспособляемость
|
| 610 |
1 |
|
|a построение
|
| 610 |
1 |
|
|a теория решений
|
| 610 |
1 |
|
|a теория массового обслуживания
|
| 610 |
1 |
|
|a конфликтные ситуации
|
| 610 |
1 |
|
|a решение
|
| 675 |
|
|
|a 681.513.6
|v 4
|
| 702 |
|
1 |
|a Цыпкин
|b Я. З.
|g Яков Залманович
|4 340
|
| 801 |
|
1 |
|a RU
|b 63413507
|c 20171127
|
| 801 |
|
2 |
|a RU
|b 63413507
|c 20220511
|g RCR
|
| 942 |
|
|
|c BK
|